| 000 | 00000nas 2200000za 4500 |
| 001 | 9.810533 |
| 003 | CaOODSP |
| 005 | 20221107140900 |
| 007 | cr ||||||||||| |
| 008 | 160204d19491958onc x p oss f000#a0eng|d |
| 022 | |y0837-8835 |
| 040 | |aCaOODSP|beng |
| 043 | |an-cn--- |
| 086 | 1 |aCS71-502E-PDF |
| 245 | 04|aThe labour force |h[electronic resource] / |cprepared by the Special Surveys Division. |
| 246 | 10|aLabor force |
| 260 | |aOttawa : |bDominion Bureau of Statistics, |c1950-[1958]. |
| 310 | |aIrregular |
| 362 | 0 |a1945/1949-Nov. 1945/July 1958. |
| 500 | |aIssues for Nov. 1945/Jan. 1955-Nov. 1945/July 1958 issued in the series: Reference paper. |
| 500 | |aIssue for Nov. 1945/Mar. 1952 issued in the series: D.B.S. reference paper. |
| 500 | |aIssue for Nov. 1945/Mar. 1952 has title: The labor force. |
| 500 | |aIssued also in French under title: La main-d'oeuvre. |
| 500 | |aDigitized edition from print [produced by Statistics Canada]. |
| 550 | |aIssued Nov. 1945/Jan. 1955 by Operations Section. |
| 692 | 07|2gccst|aLabour market |
| 710 | 1 |aCanada.|bDominion Bureau of Statistics.|bSpecial Surveys Division. |
| 710 | 1 |aCanada.|bDominion Bureau of Statistics.|bSpecial Surveys Division.|bOperations Section. |
| 775 | 08|tLa main-d'oeuvre |w(CaOODSP)9.821776 |